| Tag |
First Indicator |
Second Indicator |
Subfields |
| LEADER |
00000cam a2200000Ia 4500 |
| 001 |
in00002561921 |
| 005 |
20151201154208.0 |
| 007 |
hd bfv---baap |
| 007 |
he amv---bacp |
| 008 |
980108q18801996enka b 000 0 eng d |
| 035 |
|
|
|a (OCoLC)ocm38171488
|
| 037 |
|
|
|a CL0021000021
|b ProQuest Information and Learning, 300 N. Zeeb Rd., Ann Arbor, MI 48106-1346
|
| 040 |
|
|
|a OPP
|c OPP
|d UtOrBLW
|
| 049 |
|
|
|a OPPA
|
| 090 |
|
|
|a PZ5
|b .O67 1990 no.021:089.
|
| 245 |
0 |
0 |
|a Pussy's fancy ball.
|
| 264 |
|
1 |
|a London :
|b Read, Brooks & Co.,
|c [not before 1880]
|
| 300 |
|
|
|a 7 unnumbered leaves :
|b chiefly illustrations
|
| 336 |
|
|
|a text
|b txt
|2 rdacontent
|
| 337 |
|
|
|a microform
|b h
|2 rdamedia
|
| 338 |
|
|
|a microfiche
|b he
|2 rdacarrier
|
| 490 |
1 |
|
|a Grandmama Goodsoul's series
|
| 500 |
|
|
|a Cover title.
|
| 500 |
|
|
|a Advertisement on cover verso has date: 1880.
|
| 510 |
4 |
|
|a Opie
|c M 525
|
| 533 |
|
|
|a Microfiche.
|b Ann Arbor, Mich.
|c UMI,
|d 1996.
|e 1 microfiche.
|f (Opie collection of children's literature ; 021:089).
|7 s1996 miun b
|
| 500 |
|
|
|a Microform.
|
| 650 |
|
0 |
|a Children's poetry.
|
| 830 |
|
0 |
|a Opie collection of children's literature ;
|v 021:089.
|
| 830 |
|
0 |
|a Grandmama Goodsoul's series.
|
| 999 |
|
|
|a MARS
|
| 999 |
f |
f |
|s 15e24cf9-df7b-347e-8777-4f9510e1fde2
|i ffa1e47d-26de-3ee6-8a26-c457225c2d5c
|t 0
|
| 952 |
f |
f |
|a Texas A&M University
|b College Station
|c Sterling C. Evans Library
|d Evans: Microforms Fiche (3rd floor)
|t 0
|e PZ5 .O67 1990 no.021:089.
|h Library of Congress classification
|
| 998 |
f |
f |
|a PZ5 .O67 1990 no.021:089.
|t 0
|l Evans: Microforms Fiche (3rd floor)
|